000 01239nam a2200229Ia 4500
001 L268-21705
003 IT-CnALBA
008 170116s9999||||xx |||||||||||||| ||und||
040 _aIT-CnALBA
_cIT-CnALBA
041 _aITALIANO
100 _aRESTAGNO DEMETRIO, TEOL. DOTT.
245 0 _aCORSO COMPLETO DI ISTRUZIONI PARROCCHIALI SULLE QUATTRO PARTI DELLA DOTTRINA CRISTIANA. VOL. III.
250 _a2a ed.
260 _aBERGAMO
_bARNOLDI M. LIBR VESC. EDITR. BERGAMO
_c1922 [1° Ed.: n.d.]
300 _a390 p.
500 _aSACRAMENTI IN GENERE E IN PARTICOLARE. EUCARESTIA. VIRTÙ E SACRAMENTO DELLA PENITENZA. INDULGENZE. PECCATO MORTALE E VENIALE. SUPERBIA UMILTÀ. INVIDIA. PECCATI CONTRO LO SPIRITO SANTO. VIRTÙ CARDINALI E MORALI. BEATITUDINI E CONSIGLI EVANGELICI.
501 _aSocietà San Paolo EM - Piazza San Paolo, 14 - 12051 ALBA (CN) (non commercial uses only) ® Copyright 2017
520 _aSACRAMENTI IN GENERE E IN PARTICOLARE. EUCARESTIA. VIRTÙ E SACRAMENTO DELLA PENITENZA. INDULGENZE. PECCATO MORTALE E VENIALE. SUPERBIA UMILTÀ. INVIDIA. PECCATI CONTRO LO SPIRITO SANTO. VIRTÙ CARDINALI E MORALI. BEATITUDINI E CONSIGLI EVANGELICI.
650 _aCATECHESI
942 _cBK
957 _71
999 _a26447
_bSI
_g Copie: 1
_c280809
_d280809